Online
Catalog

Sonatas III-IV para violín y piano [Música impresa] / (Record no. 41691)

MARC details
000 -CABECERA
campo de control de longitud fija 00756nam a2200181 a 4500
001 - NÚMERO DE CONTROL
campo de control 000042202
005 - FECHA Y HORA DE LA ÚLTIMA TRANSACCIÓN
campo de control 20201002040013.0
008 - DATOS DE LONGITUD FIJA--INFORMACIÓN GENERAL
campo de control de longitud fija 131119s1960 sp g 000 0 spa d
040 ## - FUENTE DE LA CATALOGACIÓN
Centro catalogador/agencia de origen DO-SdBNP
Lengua de catalogación spa
Centro/agencia transcriptor BNPHU
100 1# - ENTRADA PRINCIPAL--NOMBRE DE PERSONA
Nombre de persona Manalt, Francisco
Fechas asociadas al nombre 1720-1759
9 (RLIN) 69220
245 10 - MENCIÓN DE TÍTULO
Título Sonatas III-IV para violín y piano [Música impresa] /
Mención de responsabilidad, etc. Francisco Manalt ; transcripción por el P. José A. de Donostia.
260 ## - PUBLICACIÓN, DISTRIBUCIÓN, ETC.
Lugar de publicación, distribución, etc. Barcelona :
Nombre del editor, distribuidor, etc. Instituto Español de Musicología,
Fecha de publicación, distribución, etc. 1960.
300 ## - DESCRIPCIÓN FÍSICA
Extensión 32 p. :
Otras características físicas il., partituras ;
Dimensiones 32 cm.
490 1# - MENCIÓN DE SERIE
Mención de serie Música hispana 9
-- Serie C, Música de cámara
Designación de volumen o secuencia 9
700 1# - PUNTO DE ACCESO ADICIONAL--NOMBRE DE PERSONA
Nombre de persona Donostia , P. José A. de
9 (RLIN) 69221
710 2# - PUNTO DE ACCESO ADICIONAL--NOMBRE DE ENTIDAD CORPORATIVA
Nombre de entidad corporativa o nombre de jurisdicción como elemento de entrada Instituto Español de Musicología
9 (RLIN) 69215
830 #0 - PUNTO DE ACCESO ADICIONAL DE SERIE-TÍTULO UNIFORME
Título uniforme Música hispana 9
Nombre de parte o sección de la obra Serie C, Música de cámara
-- 9
9 (RLIN) 69222
Holdings
Estado de retiro Estado de pérdida Restricciones de uso No para préstamo Código de colección Localización permanente Ubicación/localización actual Ubicación en estantería Fecha de adquisición Número de inventario Total de préstamos Signatura topográfica completa Código de barras Fecha visto por última vez Precio válido a partir de Tipo de ítem Koha
      Excluido de préstamo Monografías: Libros y Folletos General General En catalogación 19.11.2013 LF1   42202-10 25.06.2020 25.06.2020 No se presta

Powered by Koha